[Event "Richmond Chess Initiative 1st"]
[Site "London, Richmond"]
[Date "1994.10.23"]
[Round "1"]
[White "Berg, Klaus"]
[Black "Anagnostopoulos, Dimitrios"]
[Result "1-0"]
[WhiteElo "2435"]
[BlackElo "2425"]
[PlyCount "87"]
[EventDate "1994.10.23"]
[EventType "tourn"]
[EventRounds "9"]
[EventCountry "ENG"]
[SourceTitle "BritBase"]
[Source "John Saunders"]
[SourceDate "2023.06.01"]
[SourceVersion "1"]
[SourceVersionDate "2023.06.01"]
[SourceQuality "1"]

1. d4 Nf6 2. c4 e5 3. Nf3 Bb4+ 4. Bd2 Bxd2+ 5. Qxd2 exd4 6. Nxd4 O-O 7. Nc3 d6
8. g3 Nc6 9. Bg2 Bd7 10. O-O Re8 11. Rfd1 Nxd4 12. Qxd4 Bc6 13. e3 Bxg2 14.
Kxg2 Qd7 15. Rac1 Re6 16. Nd5 b6 17. c5 Nxd5 18. Qxd5 c6 19. Qd4 bxc5 20. Qxc5
Rc8 21. Rc4 Rh6 22. h4 Qe6 23. Qd4 a5 24. Ra4 Qf5 25. Qc3 c5 26. Qxa5 g5 27. g4
Qe5 28. Qc3 Qe8 29. Qc4 gxh4 30. Qf4 Rg6 31. Kh2 Qc6 32. Ra7 Rf8 33. b3 h6 34.
e4 Kg7 35. Rd5 Rf6 36. Rf5 Rxf5 37. gxf5 d5 38. e5 Kh7 39. Re7 d4 40. f6 Qd5
41. Qf5+ Kh8 42. Rd7 Qc6 43. Qg4 Rg8 44. Rd8 1-0

[Event "Richmond Chess Initiative 1st"]
[Site "London, Richmond"]
[Date "1994.10.23"]
[Round "1"]
[White "Dinstuhl, Volkmar"]
[Black "Hennig, Dirk"]
[Result "1/2-1/2"]
[WhiteElo "2375"]
[BlackElo "2350"]
[PlyCount "54"]
[EventDate "1994.10.23"]
[EventType "tourn"]
[EventRounds "9"]
[EventCountry "ENG"]
[SourceTitle "BritBase"]
[Source "John Saunders"]
[SourceDate "2023.06.01"]
[SourceVersion "1"]
[SourceVersionDate "2023.06.01"]
[SourceQuality "1"]

1. e4 e5 2. Nf3 Nc6 3. Bb5 a6 4. Ba4 d6 5. d4 exd4 6. Nxd4 Bd7 7. Bxc6 bxc6 8.
O-O Be7 9. Re1 Nf6 10. Qf3 O-O 11. Nc3 c5 12. Nf5 Bxf5 13. Qxf5 Nd7 14. Nd5 Re8
15. Bd2 c6 16. Nxe7+ Qxe7 17. Bc3 Qe6 18. Qf4 f6 19. Rad1 Ne5 20. Qg3 Nf7 21.
a3 Kh8 22. Re3 Re7 23. Qf4 Rae8 24. b3 Ne5 25. Qg3 Nf7 26. Qf4 Ne5 27. Qg3 Nf7
1/2-1/2

[Event "Richmond Chess Initiative 1st"]
[Site "London, Richmond"]
[Date "1994.10.23"]
[Round "1"]
[White "McShane, Luke J"]
[Black "Hinks-Edwards, Thomas"]
[Result "0-1"]
[WhiteElo "2095"]
[BlackElo "2225"]
[PlyCount "56"]
[EventDate "1994.10.23"]
[EventType "tourn"]
[EventRounds "9"]
[EventCountry "ENG"]
[SourceTitle "BritBase"]
[Source "John Saunders"]
[SourceDate "2023.06.01"]
[SourceVersion "1"]
[SourceVersionDate "2023.06.01"]
[SourceQuality "1"]

1. e4 Nf6 2. Nc3 d5 3. e5 Ne4 4. Nce2 f6 5. d3 Ng5 6. Bxg5 fxg5 7. h4 g4 8. Nf4
c5 9. e6 Qb6 10. Nxd5 Qxe6+ 11. Ne3 Nc6 12. g3 g6 13. c3 Bh6 14. Qe2 Bd7 15.
Bg2 Rf8 16. Nc4 Qf6 17. a4 O-O-O 18. Be4 Be6 19. Ne3 Ne5 20. Kf1 Bf5 21. Kg2
Kb8 22. Rf1 Bxe4+ 23. dxe4 Bxe3 24. Qxe3 Rd3 25. Qxc5 Rd2 26. Qe3 Rxb2 27. Rh2
Nd3 28. h5 Nxf2 0-1

[Event "Richmond Chess Initiative 1st"]
[Site "London, Richmond"]
[Date "1994.10.23"]
[Round "1"]
[White "Summerscale, Aaron P"]
[Black "Rowson, Jonathan"]
[Result "0-1"]
[WhiteElo "2440"]
[BlackElo "2305"]
[PlyCount "78"]
[EventDate "1994.10.23"]
[EventType "tourn"]
[EventRounds "9"]
[EventCountry "ENG"]
[SourceTitle "BritBase"]
[Source "John Saunders"]
[SourceDate "2023.06.01"]
[SourceVersion "1"]
[SourceVersionDate "2023.06.01"]
[SourceQuality "1"]

1. d4 d5 2. c4 Bf5 3. Nc3 e6 4. Nf3 c6 5. Qb3 Qb6 6. c5 Qc7 7. Bf4 Qc8 8. e3
Nd7 9. Qa4 Be7 10. b4 a6 11. Be2 Bd8 12. O-O Bc7 13. Bxc7 Qxc7 14. b5 Ne7 15.
bxc6 bxc6 16. Nh4 Bg6 17. g3 O-O 18. Nxg6 hxg6 19. Rab1 a5 20. Rb3 Rfb8 21.
Rfb1 Rxb3 22. axb3 Rb8 23. Ra1 e5 24. Bg4 f5 25. Bd1 exd4 26. exd4 Rb4 27. Qxa5
Qxa5 28. Rxa5 Rxd4 29. Ra7 Nxc5 30. Rxe7 Ne4 31. Rxe4 fxe4 32. Be2 Rd2 33. Kf1
Rc2 34. Na4 Rc1+ 35. Kg2 Kf7 36. f3 Rc2 37. Kf2 d4 38. Ke1 d3 39. Bd1 e3 0-1

[Event "Richmond Chess Initiative 1st"]
[Site "London, Richmond"]
[Date "1994.10.23"]
[Round "1"]
[White "Wall, Gavin"]
[Black "Bates, Richard A"]
[Result "0-1"]
[WhiteElo "2265"]
[BlackElo "2285"]
[PlyCount "102"]
[EventDate "1994.10.23"]
[EventType "tourn"]
[EventRounds "9"]
[EventCountry "ENG"]
[SourceTitle "BritBase"]
[Source "John Saunders"]
[SourceDate "2023.06.01"]
[SourceVersion "1"]
[SourceVersionDate "2023.06.01"]
[SourceQuality "1"]

1. Nf3 Nf6 2. c4 g6 3. Nc3 Bg7 4. d4 d6 5. Bg5 O-O 6. e3 Na6 7. Be2 c5 8. O-O
Nc7 9. Qd2 Bf5 10. Rad1 b6 11. Rfe1 Ne4 12. Nxe4 Bxe4 13. b4 cxb4 14. Qxb4 Qd7
15. Qa3 h6 16. Bh4 g5 17. Bg3 f5 18. c5 Rfd8 19. Nd2 Bd5 20. cxd6 exd6 21. Nb1
a5 22. Nc3 Bf7 23. Qb2 Bf8 24. f3 a4 25. e4 a3 26. Qb1 f4 27. Bf2 b5 28. e5 d5
29. Bxb5 Nxb5 30. Qxb5 Qe6 31. Rb1 Rdb8 32. Qxb8 Rxb8 33. Rxb8 Qc6 34. Rb3 Be6
35. g3 Qc4 36. gxf4 Bb4 37. Rc1 gxf4 38. Kg2 h5 39. Kg1 Bh3 40. Rcb1 Bxc3 41.
Rb8+ Bc8 42. R1b7 Bxd4 43. Bxd4 Qxd4+ 44. Kg2 Qd2+ 45. Kg1 Qc1+ 46. Kf2 d4 47.
e6 d3 48. Rd7 d2 49. Rxc8+ Qxc8 50. Rxd2 Qxe6 51. Re2 Qh3 0-1

[Event "Richmond Chess Initiative 1st"]
[Site "London, Richmond"]
[Date "1994.10.24"]
[Round "2"]
[White "Anagnostopoulos, Dimitrios"]
[Black "Dinstuhl, Volkmar"]
[Result "1-0"]
[WhiteElo "2425"]
[BlackElo "2375"]
[PlyCount "102"]
[EventDate "1994.10.23"]
[EventType "tourn"]
[EventRounds "9"]
[EventCountry "ENG"]
[SourceTitle "BritBase"]
[Source "John Saunders"]
[SourceDate "2023.06.01"]
[SourceVersion "1"]
[SourceVersionDate "2023.06.01"]
[SourceQuality "1"]

1. d4 Nf6 2. Nf3 c5 3. d5 b5 4. c4 Bb7 5. a4 b4 6. Nbd2 d6 7. e4 Nbd7 8. Bd3 g6
9. O-O e5 10. dxe6 fxe6 11. e5 Nxe5 12. Nxe5 dxe5 13. Qe2 Bg7 14. Ne4 Nxe4 15.
Bxe4 Bxe4 16. Qxe4 O-O 17. Be3 Qe7 18. b3 Rac8 19. Rfd1 Rfd8 20. h4 Rd6 21.
Rxd6 Qxd6 22. Kf1 Rd8 23. Ke2 Bf6 24. f3 Rd7 25. Rh1 Kh8 26. h5 gxh5 27. Rxh5
Qd1+ 28. Kf2 Rg7 29. Rh6 Qd8 30. g4 Qf8 31. Ke2 Qd8 32. Rh1 Qc7 33. Rd1 Bg5 34.
Bf2 Bf4 35. Qd3 e4 36. Qxe4 Rg5 37. Bh4 Rg6 38. Kf1 Be5 39. Rd8+ Kg7 40. Qa8
Qf7 41. Qc6 Kh6 42. g5+ Kh5 43. Rd7 Qg8 44. Qe4 Rg7 45. Rd2 Qf7 46. Qxe5 Qxf3+
47. Bf2 Rxg5 48. Qxe6 Qg2+ 49. Ke2 Rg6 50. Rd5+ Kh6 51. Qe3+ Kg7 1-0

[Event "Richmond Chess Initiative 1st"]
[Site "London, Richmond"]
[Date "1994.10.24"]
[Round "2"]
[White "Hennig, Dirk"]
[Black "Wall, Gavin"]
[Result "0-1"]
[WhiteElo "2350"]
[BlackElo "2265"]
[PlyCount "200"]
[EventDate "1994.10.23"]
[EventType "tourn"]
[EventRounds "9"]
[EventCountry "ENG"]
[SourceTitle "BritBase"]
[Source "John Saunders"]
[SourceDate "2023.06.01"]
[SourceVersion "1"]
[SourceVersionDate "2023.06.01"]
[SourceQuality "1"]

1. d4 Nf6 2. Bg5 c5 3. Bxf6 gxf6 4. d5 Qb6 5. Qc1 f5 6. c4 Bh6 7. e3 f4 8. exf4
Bxf4 9. Qxf4 Qxb2 10. Ne2 Qxa1 11. Nec3 d6 12. Bd3 Qb2 13. O-O Nd7 14. Nb5 Ne5
15. Qe3 O-O 16. Qg5+ Ng6 17. N1c3 Qb4 18. Ne4 f5 19. Ng3 Qb2 20. Nh5 Bd7 21.
Nc7 Rac8 22. Ne6 Bxe6 23. dxe6 Qe5 24. Qh6 Kh8 25. g4 Nh4 26. Ng3 Qf6 27. Qh5
Rg8 28. gxf5 Rcf8 29. Kh1 Qg5 30. Qxg5 Rxg5 31. f4 Rg4 32. Be2 Rxg3 33. hxg3
Nxf5 34. Kh2 Rf6 35. Bd3 Rh6+ 36. Kg1 Nxg3 37. Rf3 Nh5 38. Be4 b6 39. Bd5 Kg7
40. f5 Kf6 41. Ra3 a5 42. Rb3 Kxf5 43. Rxb6 Nf6 44. Bc6 Rh3 45. a4 Rc3 46. Ra6
Rxc4 47. Rxa5 d5 48. Ra8 Kxe6 49. a5 Kd6 50. Bb7 Ra4 51. a6 c4 52. Rc8 d4 53.
Kf2 Ra2+ 54. Kf3 c3 55. Rc4 c2 56. Rxd4+ Kc5 57. Rd8 Kb6 58. Rc8 Ne8 59. Rc6+
Ka7 60. Ke3 Nd6 61. Kd2 Rb2 62. Kc1 Rb6 63. Rxc2 Nxb7 64. axb7 Kxb7 65. Re2 e6
66. Rh2 Rc6+ 67. Kd2 Rc7 68. Rh6 Re7 69. Ke3 Kc6 70. Ke4 Kd6 71. Rh1 Rg7 72.
Rh4 Ke7 73. Rh1 Kf7 74. Rf1+ Kg8 75. Ke5 Rg6 76. Rh1 Kg7 77. Rh2 h6 78. Rh1 Kf7
79. Ke4 Kf6 80. Rf1+ Kg7 81. Ke5 h5 82. Rh1 Kh6 83. Rh2 Rg4 84. Kxe6 Kg5 85.
Ke5 h4 86. Rh1 Rg3 87. Rf1 Re3+ 88. Kd4 Re7 89. Rf8 h3 90. Rg8+ Kh4 91. Rh8+
Kg3 92. Rg8+ Kf3 93. Rf8+ Kg2 94. Rg8+ Kh1 95. Kd3 h2 96. Rg6 Re1 97. Kd2 Rg1
98. Rh6 Rg2+ 99. Ke3 Kg1 100. Ra6 h1=Q 0-1

[Event "Richmond Chess Initiative 1st"]
[Site "London, Richmond"]
[Date "1994.10.24"]
[Round "2"]
[White "Hinks-Edwards, Thomas"]
[Black "Bates, Richard A"]
[Result "1/2-1/2"]
[WhiteElo "2225"]
[BlackElo "2285"]
[PlyCount "118"]
[EventDate "1994.10.23"]
[EventType "tourn"]
[EventRounds "9"]
[EventCountry "ENG"]
[SourceTitle "BritBase"]
[Source "John Saunders"]
[SourceDate "2023.06.01"]
[SourceVersion "1"]
[SourceVersionDate "2023.06.01"]
[SourceQuality "1"]

1. e4 c5 2. Nf3 d6 3. d4 cxd4 4. Nxd4 Nf6 5. Nc3 a6 6. Bg5 Nc6 7. Qd2 e6 8.
O-O-O h6 9. Be3 Bd7 10. f4 b5 11. Bd3 Qc7 12. h3 Nxd4 13. Bxd4 b4 14. Ne2 e5
15. Be3 a5 16. Kb1 Be7 17. Rhf1 O-O 18. g4 Bc6 19. Ng3 d5 20. fxe5 Nxe4 21.
Bxe4 dxe4 22. Nf5 Bb5 23. Rg1 Rad8 24. Nd6 Bxd6 25. exd6 Qd7 26. g5 h5 27. g6
Qxh3 28. Qd5 Qxe3 29. gxf7+ Rxf7 30. Qxb5 Qf4 31. d7 e3 32. Qxh5 Qf5 33. Qxf5
Rxf5 34. Rge1 Re5 35. c3 bxc3 36. bxc3 Re7 37. Kc2 Rexd7 38. Rxd7 Rxd7 39. Rxe3
Kf7 40. Re5 Ra7 41. Kd3 Kf6 42. Rb5 g5 43. c4 a4 44. c5 Ke5 45. Kc4 g4 46. Rb1
g3 47. c6 Kf4 48. Kc5 g2 49. Kb6 Rh7 50. Rg1 Kf3 51. c7 Rh8 52. Kb7 Kf2 53. Rc1
g1=Q 54. Rxg1 Kxg1 55. c8=Q Rxc8 56. Kxc8 Kf2 57. Kc7 Ke3 58. Kc6 Kd4 59. Kb5
a3 1/2-1/2

[Event "Richmond Chess Initiative 1st"]
[Site "London, Richmond"]
[Date "1994.10.24"]
[Round "2"]
[White "McShane, Luke J"]
[Black "Summerscale, Aaron P"]
[Result "0-1"]
[WhiteElo "2095"]
[BlackElo "2440"]
[PlyCount "108"]
[EventDate "1994.10.23"]
[EventType "tourn"]
[EventRounds "9"]
[EventCountry "ENG"]
[SourceTitle "BritBase"]
[Source "John Saunders"]
[SourceDate "2023.06.01"]
[SourceVersion "1"]
[SourceVersionDate "2023.06.01"]
[SourceQuality "1"]

1. e4 c6 2. f4 d5 3. Nc3 g6 4. Nf3 Bg7 5. e5 Bg4 6. Be2 e6 7. O-O Ne7 8. a4 Nf5
9. d4 Bf8 10. Qd3 Nd7 11. Nd1 Bxf3 12. Bxf3 Nxd4 13. Nf2 Nxf3+ 14. Qxf3 Be7 15.
Bd2 O-O 16. Rae1 Qb6 17. b3 Rae8 18. g4 f6 19. exf6 Bxf6 20. Qh3 Bd4 21. c3
Bxf2+ 22. Rxf2 Qxb3 23. f5 exf5 24. Rxe8 Rxe8 25. gxf5 Qd1+ 26. Kg2 Re2 27. Be3
Rxf2+ 28. Bxf2 Qh5 29. Qe3 Qg4+ 30. Kf1 Qxf5 31. Qxa7 Qb1+ 32. Kg2 Kf7 33. Qa8
Nf6 34. Qc8 Qe4+ 35. Kf1 Qe7 36. Bd4 h5 37. Kg1 Ng4 38. h3 Nf6 39. Bxf6 Kxf6
40. Kf1 Kg5 41. Qb8 c5 42. Qg3+ Kh6 43. Qf4+ Kg7 44. Qg3 d4 45. cxd4 cxd4 46.
h4 Qe4 47. Qc7+ Kf6 48. Qd8+ Kf5 49. Kf2 d3 50. Qa5+ Qe5 51. Qd8 Kg4 52. Kg1
Qe1+ 53. Kg2 Qe2+ 54. Kh1 Qf1+ 0-1

[Event "Richmond Chess Initiative 1st"]
[Site "London, Richmond"]
[Date "1994.10.24"]
[Round "2"]
[White "Rowson, Jonathan"]
[Black "Berg, Klaus"]
[Result "1/2-1/2"]
[WhiteElo "2305"]
[BlackElo "2435"]
[PlyCount "55"]
[EventDate "1994.10.23"]
[EventType "tourn"]
[EventRounds "9"]
[EventCountry "ENG"]
[SourceTitle "BritBase"]
[Source "John Saunders"]
[SourceDate "2023.06.01"]
[SourceVersion "1"]
[SourceVersionDate "2023.06.01"]
[SourceQuality "1"]

1. e4 c6 2. d4 d5 3. f3 g6 4. Nc3 Bg7 5. Be3 Qb6 6. Qd2 Qxb2 7. Rb1 Qa3 8. exd5
Nf6 9. dxc6 bxc6 10. Bc4 O-O 11. Nge2 Ba6 12. Rb3 Qa5 13. Bxa6 Qxa6 14. O-O
Nbd7 15. Bh6 c5 16. Bxg7 Kxg7 17. d5 Nb6 18. Re1 Rfd8 19. Nf4 Rd7 20. Ne4 Rc8
21. Rd3 Qxa2 22. d6 Qb2 23. dxe7 Rxe7 24. Nd6 Rxe1+ 25. Qxe1 Rc7 26. Nh5+ gxh5
27. Nf5+ Kg6 28. Nh4+ 1/2-1/2

[Event "Richmond Chess Initiative 1st"]
[Site "London, Richmond"]
[Date "1994.10.25"]
[Round "3"]
[White "Bates, Richard A"]
[Black "Hennig, Dirk"]
[Result "1-0"]
[WhiteElo "2285"]
[BlackElo "2350"]
[PlyCount "127"]
[EventDate "1994.10.23"]
[EventType "tourn"]
[EventRounds "9"]
[EventCountry "ENG"]
[SourceTitle "BritBase"]
[Source "John Saunders"]
[SourceDate "2023.06.01"]
[SourceVersion "1"]
[SourceVersionDate "2023.06.01"]
[SourceQuality "1"]

1. d4 d6 2. c4 e5 3. Nc3 exd4 4. Qxd4 Nc6 5. Qd1 g6 6. e3 Bg7 7. Nf3 Bg4 8. Be2
Bxc3+ 9. bxc3 Qf6 10. O-O Nge7 11. h3 Bxf3 12. Bxf3 O-O 13. Rb1 Rab8 14. Bd2 b6
15. Qa4 Na5 16. Be2 Nf5 17. e4 Ng7 18. Qc2 Rfe8 19. f3 Ne6 20. Rfd1 Nc6 21. Be3
Ne5 22. Qd2 g5 23. Qe1 Nf4 24. Qf2 h5 25. Bf1 h4 26. Rb5 Kh7 27. Kh1 Rg8 28.
Bd4 Rbe8 29. Be3 Rg6 30. Rb2 Nh5 31. Rbd2 Qe6 32. Rd4 Reg8 33. Rd5 Qe7 34. R5d4
Rf6 35. Qc2 Rgg6 36. Kg1 Nxf3+ 37. gxf3 Rxf3 38. Qe2 g4 39. Bg2 Qe6 40. hxg4
Qxg4 41. e5 Qxg2+ 42. Qxg2 Rxg2+ 43. Kxg2 Rxe3 44. exd6 cxd6 45. Rxh4 Kg6 46.
Kf2 Re5 47. Rxd6+ Kg5 48. Rhd4 Nf6 49. Kf3 Rf5+ 50. Ke3 Ra5 51. Rd2 Re5+ 52.
Kd4 Re4+ 53. Kd3 Rg4 54. Re2 Rg3+ 55. Kc2 Rg4 56. Re5+ Kf4 57. Re7 Rg2+ 58. Kb3
Ne4 59. Rxf7+ Ke5 60. Rd5+ Ke6 61. Rxa7 Nc5+ 62. Ka3 Rc2 63. Rh5 Rxc3+ 64. Kb4
1-0

[Event "Richmond Chess Initiative 1st"]
[Site "London, Richmond"]
[Date "1994.10.25"]
[Round "3"]
[White "Berg, Klaus"]
[Black "McShane, Luke J"]
[Result "0-1"]
[WhiteElo "2435"]
[BlackElo "2095"]
[PlyCount "106"]
[EventDate "1994.10.23"]
[EventType "tourn"]
[EventRounds "9"]
[EventCountry "ENG"]
[SourceTitle "BritBase"]
[Source "John Saunders"]
[SourceDate "2023.06.01"]
[SourceVersion "1"]
[SourceVersionDate "2023.06.01"]
[SourceQuality "1"]

1. d4 Nf6 2. Nf3 g6 3. Bg5 Bg7 4. Nbd2 O-O 5. c3 d6 6. e4 Nbd7 7. Bd3 e5 8. O-O
c6 9. Re1 Qc7 10. a4 Re8 11. Qc2 h6 12. Bh4 g5 13. Bg3 Nh5 14. dxe5 dxe5 15. a5
Nxg3 16. hxg3 Nf6 17. Nc4 Ng4 18. Nfd2 h5 19. Nf1 Re6 20. Re2 Rh6 21. Rd2 h4
22. b4 Be6 23. f3 Nf6 24. g4 Bf8 25. Nfe3 Kg7 26. Qb2 Rd8 27. Rad1 Be7 28. Bb1
Rhh8 29. Ba2 Nh7 30. Nf5+ Bxf5 31. gxf5 Rxd2 32. Rxd2 g4 33. f4 exf4 34. e5 f6
35. Qb3 Ng5 36. Qd1 Rd8 37. exf6+ Bxf6 38. Nd6 Qe7 39. Kf1 Kf8 40. Qb3 Kg7 41.
Nxb7 Ne4 42. Rd1 f3 43. Nxd8 Ng3+ 44. Kg1 Qe3+ 45. Kh2 Nf1+ 46. Kh1 fxg2+ 47.
Kxg2 h3+ 48. Kxf1 Qf3+ 49. Ke1 Bxc3+ 50. Qxc3+ Qxc3+ 51. Ke2 Qf3+ 52. Kd2 Qxd1+
53. Kxd1 h2 0-1

[Event "Richmond Chess Initiative 1st"]
[Site "London, Richmond"]
[Date "1994.10.25"]
[Round "3"]
[White "Dinstuhl, Volkmar"]
[Black "Rowson, Jonathan"]
[Result "0-1"]
[WhiteElo "2375"]
[BlackElo "2305"]
[PlyCount "84"]
[EventDate "1994.10.23"]
[EventType "tourn"]
[EventRounds "9"]
[EventCountry "ENG"]
[SourceTitle "BritBase"]
[Source "John Saunders"]
[SourceDate "2023.06.01"]
[SourceVersion "1"]
[SourceVersionDate "2023.06.01"]
[SourceQuality "1"]

1. d4 Nf6 2. c4 g6 3. Nc3 Bg7 4. e4 d6 5. f3 O-O 6. Be3 c5 7. Nge2 Nc6 8. d5
Ne5 9. Ng3 e6 10. Be2 exd5 11. cxd5 a6 12. O-O b5 13. Qd2 Re8 14. b3 h5 15. a4
b4 16. Nd1 Nh7 17. Nb2 h4 18. Nh1 f5 19. Nf2 Ra7 20. Rac1 Rf7 21. exf5 gxf5 22.
h3 Qf6 23. Nbd1 f4 24. Ne4 Qg6 25. Bxc5 Bxh3 26. Bxa6 dxc5 27. d6 Nd7 28. Kh1
Be6 29. Nxc5 Nxc5 30. Rxc5 Bf8 31. Nf2 Rg7 32. Ne4 h3 33. Rf2 Bf5 34. Qd5+ Be6
35. Qd2 Bxb3 36. Qxb4 hxg2+ 37. Kg1 Be6 38. Rcc2 Bh3 39. Bb5 Rxe4 40. fxe4 Qxd6
41. Qb3+ Kh8 42. Rcd2 Qxd2 0-1

[Event "Richmond Chess Initiative 1st"]
[Site "London, Richmond"]
[Date "1994.10.25"]
[Round "3"]
[White "Summerscale, Aaron P"]
[Black "Hinks-Edwards, Thomas"]
[Result "1/2-1/2"]
[WhiteElo "2440"]
[BlackElo "2225"]
[PlyCount "41"]
[EventDate "1994.10.23"]
[EventType "tourn"]
[EventRounds "9"]
[EventCountry "ENG"]
[SourceTitle "BritBase"]
[Source "John Saunders"]
[SourceDate "2023.06.01"]
[SourceVersion "1"]
[SourceVersionDate "2023.06.01"]
[SourceQuality "1"]

1. d4 Nf6 2. c4 g6 3. Nc3 d5 4. g3 dxc4 5. Bg2 Bg7 6. Qa4+ Nfd7 7. Nf3 Nc6 8.
Qxc4 Nb6 9. Qd3 O-O 10. Bf4 Bg4 11. Rd1 Bxf3 12. Bxf3 Qxd4 13. Qxd4 Nxd4 14.
Bxb7 Rab8 15. Ba6 Nc2+ 16. Kd2 Nb4 17. Bd3 Rfd8 18. b3 Nxd3 19. exd3 Bxc3+ 20.
Kxc3 Nd5+ 21. Kd2 1/2-1/2

[Event "Richmond Chess Initiative 1st"]
[Site "London, Richmond"]
[Date "1994.10.25"]
[Round "3"]
[White "Wall, Gavin"]
[Black "Anagnostopoulos, Dimitrios"]
[Result "0-1"]
[WhiteElo "2265"]
[BlackElo "2425"]
[PlyCount "80"]
[EventDate "1994.10.23"]
[EventType "tourn"]
[EventRounds "9"]
[EventCountry "ENG"]
[SourceTitle "BritBase"]
[Source "John Saunders"]
[SourceDate "2023.06.01"]
[SourceVersion "1"]
[SourceVersionDate "2023.06.01"]
[SourceQuality "1"]

1. d4 Nf6 2. Nf3 e6 3. Bf4 c5 4. e3 cxd4 5. exd4 b6 6. Bd3 Bb7 7. O-O Be7 8.
Re1 O-O 9. a3 Nc6 10. Nbd2 Rc8 11. Qe2 Nh5 12. Be3 Qc7 13. Ng5 Nf6 14. c4 h6
15. Nh3 d5 16. cxd5 exd5 17. Bf5 Rce8 18. Bf4 Bd6 19. Bxd6 Qxd6 20. Qd3 Ne7 21.
Qf3 g6 22. Bc2 Nc6 23. Qd3 Bc8 24. Rxe8 Rxe8 25. Ba4 Bf5 26. Qg3 Qxg3 27. hxg3
Re2 28. Nf3 Na5 29. b4 Nc4 30. Nf4 Rb2 31. Bc6 Be4 32. Ne5 g5 33. f3 gxf4 34.
Nxc4 dxc4 35. fxe4 fxg3 36. e5 Ng4 37. Re1 c3 38. Be4 Rd2 39. Bf3 Nf2 40. Rc1
c2 0-1

[Event "Richmond Chess Initiative 1st"]
[Site "London, Richmond"]
[Date "1994.10.26"]
[Round "4"]
[White "Anagnostopoulos, Dimitrios"]
[Black "Bates, Richard A"]
[Result "1-0"]
[WhiteElo "2425"]
[BlackElo "2285"]
[PlyCount "125"]
[EventDate "1994.10.23"]
[EventType "tourn"]
[EventRounds "9"]
[EventCountry "ENG"]
[SourceTitle "BritBase"]
[Source "John Saunders"]
[SourceDate "2023.06.01"]
[SourceVersion "1"]
[SourceVersionDate "2023.06.01"]
[SourceQuality "1"]

1. d4 Nf6 2. c4 g6 3. Nc3 Bg7 4. Nf3 O-O 5. Bf4 d6 6. h3 c5 7. e3 Bf5 8. Be2
Ne4 9. O-O cxd4 10. exd4 Nxc3 11. bxc3 Nc6 12. Qd2 Rc8 13. Bh6 Na5 14. Bxg7
Kxg7 15. c5 dxc5 16. d5 Be4 17. Rad1 Bxf3 18. Bxf3 Nc4 19. Qf4 Nd6 20. Rfe1 Rc7
21. h4 Ne8 22. h5 Qd6 23. Qc1 gxh5 24. Bxh5 Qh6 25. Re3 Kh8 26. Bf3 Nd6 27. Qc2
Rg8 28. Re5 Qf4 29. Rh5 Rg7 30. Qe2 f6 31. g3 Rc8 32. Kg2 Rcg8 33. Rdh1 f5 34.
R1h3 Ne4 35. Bxe4 Qxe4+ 36. Qxe4 fxe4 37. Re5 Rf7 38. Rxe4 Rg5 39. c4 b5 40. f4
Rgf5 41. Rh1 bxc4 42. Rd1 c3 43. Rc4 R7f6 44. Rxc3 Rd6 45. Rxc5 h5 46. Kf3 Kg7
47. a4 Kf6 48. Ke4 e6 49. Rd4 Ra6 50. a5 Rd6 51. Rd3 Ra6 52. Rd1 Rd6 53. Rd2
Ra6 54. Kf3 Rd6 55. dxe6 Rxc5 56. Rxd6 Rxa5 57. Kg2 Ra1 58. Rd5 h4 59. Re5 Ke7
60. gxh4 Ra6 61. f5 Ra3 62. Re2 a5 63. f6+ 1-0

[Event "Richmond Chess Initiative 1st"]
[Site "London, Richmond"]
[Date "1994.10.26"]
[Round "4"]
[White "Hinks-Edwards, Thomas"]
[Black "Hennig, Dirk"]
[Result "1/2-1/2"]
[WhiteElo "2225"]
[BlackElo "2350"]
[PlyCount "88"]
[EventDate "1994.10.23"]
[EventType "tourn"]
[EventRounds "9"]
[EventCountry "ENG"]
[SourceTitle "BritBase"]
[Source "John Saunders"]
[SourceDate "2023.06.01"]
[SourceVersion "1"]
[SourceVersionDate "2023.06.01"]
[SourceQuality "1"]

1. e4 c6 2. d4 g6 3. Be2 d5 4. e5 Bg7 5. Nf3 Bg4 6. Nbd2 e6 7. h3 Bxf3 8. Nxf3
c5 9. dxc5 Nd7 10. Bf4 Ne7 11. O-O Nc6 12. Bb5 O-O 13. c4 Nxc5 14. Rc1 Qa5 15.
Bd2 Qxa2 16. Bxc6 bxc6 17. Bb4 Ne4 18. Bxf8 Bxf8 19. Nd4 Rb8 20. cxd5 cxd5 21.
Rc7 Bc5 22. b4 Bb6 23. Rc2 Qa3 24. Nc6 Re8 25. Qf3 Qa4 26. Rfc1 Kg7 27. Re2 Kg8
28. Rxe4 dxe4 29. Qxe4 Qa2 30. Qf4 Qd5 31. Qf6 Bd8 32. Nxd8 Qxd8 33. Qxd8 Rxd8
34. Rc7 Rd1+ 35. Kh2 Rd4 36. Rxa7 Rxb4 37. Kg3 Re4 38. f4 g5 39. fxg5 Rxe5 40.
Kf4 Rb5 41. h4 Rb4+ 42. Kg3 Kg7 43. h5 Rb8 44. Re7 Kf8 1/2-1/2

[Event "Richmond Chess Initiative 1st"]
[Site "London, Richmond"]
[Date "1994.10.26"]
[Round "4"]
[White "McShane, Luke J"]
[Black "Dinstuhl, Volkmar"]
[Result "1/2-1/2"]
[WhiteElo "2095"]
[BlackElo "2375"]
[PlyCount "127"]
[EventDate "1994.10.23"]
[EventType "tourn"]
[EventRounds "9"]
[EventCountry "ENG"]
[SourceTitle "BritBase"]
[Source "John Saunders"]
[SourceDate "2023.06.01"]
[SourceVersion "1"]
[SourceVersionDate "2023.06.01"]
[SourceQuality "1"]

1. e4 c5 2. Nf3 d6 3. d4 cxd4 4. Nxd4 Nf6 5. Nc3 a6 6. Be3 e5 7. Nb3 Be6 8. Qd2
Be7 9. f3 O-O 10. O-O-O Qc7 11. g4 Rc8 12. g5 Nfd7 13. h4 a5 14. Bb5 Nb6 15. a4
Nc4 16. Bxc4 Qxc4 17. Qd3 Qb4 18. Kb1 Na6 19. Qb5 Nc7 20. Qb6 Ra6 21. Qxb4 axb4
22. Nb5 Nxb5 23. axb5 Ra4 24. Bb6 Bc4 25. Rh2 Bxb5 26. Rhd2 Rc6 27. Be3 Rca6
28. f4 exf4 29. Bxf4 Bc4 30. Rd4 b5 31. Kc1 Be2 32. Re1 Bc4 33. Red1 Bf8 34.
Bxd6 Be2 35. Re1 Rxd6 36. Rxe2 Rxd4 37. Nxd4 Ra1+ 38. Kd2 Rh1 39. Nf3 Bc5 40.
Re1 Rh3 41. Rf1 Rg3 42. b3 Rg4 43. e5 Rf4 44. c3 bxc3+ 45. Kxc3 Bd4+ 46. Kd3
Bxe5 47. Ke3 f5 48. Rd1 Re4+ 49. Kf2 Bc3 50. h5 Rb4 51. g6 Bf6 52. Rd3 hxg6 53.
hxg6 Kf8 54. Re3 Rg4 55. Rd3 Rxg6 56. Rd5 Rg4 57. Rxb5 Rf4 58. Ra5 g5 59. Ra4
Rxa4 60. bxa4 g4 61. Nh2 Bh4+ 62. Ke3 Bg5+ 63. Kf2 Bf4 64. Nxg4 1/2-1/2